Návrh prípravku na montáž podskupín drevodomov

Salvato in:
Dettagli Bibliografici
Autore principale: Levák, Michal (Autore)
Altri autori: Václav, Štefan (Relatore della tesi)
Natura: Manoscritto Libro
Lingua:slovacco
Pubblicazione: 2020
Soggetti:
Accesso online:http://is.stuba.sk/zp/portal_zp.pl?podrobnosti=151359
Tags: Aggiungi Tag
Nessun Tag, puoi essere il primo ad aggiungerne!!

MARC

LEADER 00000ntm a22000003a 4500
001 stuzp78563
003 SK-STU
005 20200704212217.4
007 ta
008 150427s2015----xo-----f-mn---000-0-slo-d
040 |a STU  |b slo 
041 0 |a slo 
100 1 |a Levák, Michal  |u 063000  |k Z4  |4 aut  |U MTF Materiálovotechnologická fakulta  |T MTF Ústav výrobných technológií  |X 80059  |U M3000  |Y 83  |7 80059 
242 0 1 |a Design of jig for assembly of sub-groups of timber houses  |y eng 
245 1 0 |a Návrh prípravku na montáž podskupín drevodomov 
260 |c 2020 
650 4 |a Drevodom  |2 slo 
650 4 |a LAYOUT  |2 slo 
650 4 |a Mechanický pohon  |2 slo 
650 4 |a LEGA, a.s., Komjatice  |2 slo 
650 4 |a Montážny prípravok  |2 slo 
650 4 |a OSB doska  |2 slo 
650 4 |a Inventor  |2 slo 
650 4 |a Jig for assembly  |2 eng 
650 4 |a OSB board  |2 eng 
650 4 |a LAYOUT  |2 eng 
650 4 |a Mechanical drive  |2 eng 
650 4 |a Inventor  |2 eng 
650 4 |a Timber houses  |2 eng 
650 4 |a LEGA, a.s., Komjatice  |2 eng 
700 1 |a Václav, Štefan  |u 063600  |k Z1  |4 ths  |U MTF Ústav výrobných technológií  |T MTF Katedra obrábania a tvárnenia  |X 2778  |U M3600  |Y 841  |7 A000002778 
856 4 |u http://is.stuba.sk/zp/portal_zp.pl?podrobnosti=151359 
996 |c M* DP-14313  |l MMSKP  |s P  |a 0  |w stuzp78563_0001